El libro de las mil y una noches / (Record no. 169539)

MARC details
000 -LEADER
campo de control de longitud fija 00986nam a22002415i 4500
001 - NÚMERO DE CONTROL
campo de control 169539
003 - IDENTIFICADOR DE NÚMERO DE CONTROL
campo de control ES-MaACL
005 - FECHA Y HORA DE LA ÚLTIMA TRANSACCIÓN
campo de control 20250826015651.0
008 - DATOS DE LONGITUD FIJA--INFORMACIÓN GENERAL
campo de control de longitud fija 081009s1916 sp |||| | spa d
080 ## - NÚMERO DE LA CLASIFICACIÓN DECIMAL UNIVERSAL
Número de la Clasificación Decimal Universal 821.411.21-34
130 4# - ENTRADA PRINCIPAL--TÍTULO UNIFORME
Título uniforme Las mil y una noches.
Lenguaje de la obra Español.
9 (RLIN) 122464
245 13 - MENCIÓN DEL TÍTULO
Título El libro de las mil y una noches /
Mención de responsabilidad, etc. traducción directa y literal del árabe por J.C. Mardrus ; versión española de Vicente Blasco Ibáñez ; prólogo de E. Gómez Carrillo.
260 ## - PUBLICACIÓN, DISTRIBUCIÓN, ETC.
Lugar de publicación, distribución, etc. Valencia :
Nombre del editor, distribuidor, etc. Prometeo,
Fecha de publicación, distribución, etc. [1916?]
300 ## - DESCRIPCIÓN FÍSICA
Extensión 23 v. :
Otras características físicas il. ;
Dimensiones 19 cm.
490 1# - MENCIÓN DE SERIE
Mención de serie Libros célebres españoles y extranjeros
500 ## - NOTA GENERAL
Nota general Faltan los vols. 6 y 16.
700 1# - ENTRADA AGREGADA--NOMBRE PERSONAL
Nombre de persona Mardrus, Joseph Charles,
Fechas asociadas al nombre 1868-1949
9 (RLIN) 129474
700 1# - ENTRADA AGREGADA--NOMBRE PERSONAL
Nombre de persona Blasco Ibáñez, Vicente,
Fechas asociadas al nombre 1867-1928
9 (RLIN) 29388
700 1# - ENTRADA AGREGADA--NOMBRE PERSONAL
Nombre de persona Gómez Carrillo, Enrique,
Fechas asociadas al nombre 1873-1927
9 (RLIN) 57861
830 10 - PUNTO DE ACCESO ADICIONAL DE SERIE-TÍTULO UNIFORME
Título uniforme Libros célebres españoles y extranjeros (Prometeo)
9 (RLIN) 222846
852 ## - LOCALIZACIÓN
Ubicación ES-MaACL
Número de control de estantería F-4820-42
Holdings
Estatus retirado Estado de pérdida Estado de daño No para préstamo Biblioteca de origen Biblioteca actual Ubicación en estantería Fecha de adquisición Fuente de adquisición Total de préstamos Signatura topográfica completa Código de barras Visto por última vez Precio de reemplazo Tipo de ítem Koha
        Biblioteca del Ateneo de Madrid Biblioteca del Ateneo de Madrid Depósito 2 09/10/2008     F-4820-42 1177987 23/02/2023 23/02/2023 Libro impreso